| 000 | 004950000a22001930004500 | ||
|---|---|---|---|
| 001 | 003952 | ||
| 003 | MACL | ||
| 005 | 20150801174552.0 | ||
| 008 | 150801b xxu||||| |||| 00| 0 eng d | ||
| 040 |
_aMACL _cMACL |
||
| 041 | _aEnglish | ||
| 082 | _a361/DEV | ||
| 100 |
_aDevi, Rameshwari _9651 |
||
| 245 |
_aSocial Work And Social Welfare Administration _cRameshwari Devi |
||
| 260 |
_aDelhi _c2001 _bUtility Books, |
||
| 350 | _a200 | ||
| 650 |
_aSocial Science _94261 |
||
| 942 |
_k361 _cBK _2ddc |
||
| 999 |
_c15845 _d15845 |
||